Květiny ze semínek /

Hlavní autor: Novotná, Eva
Jazyk: Čeština
Vydáno: Praha : Granit, 1992
Vydání: 1. vydání
Edice: Máte také zahrádku?
Témata:
Externí odkaz: Digitalizovaný dokument
Fyzický popis: 16 stran : ilustrace ; 19 cm
Knihy
Uloženo v:
LEADER 01201nam a22003492i 4500
001 001528513
003 CZ BrMZK
005 20161004124121.0
007 ta
008 160527s1992 xr a er|||||||||||cze d
015 |a cnb000066948 
020 |a 80-901195-1-4 
035 |a (OCoLC)39579283 
040 |a ABA001  |b cze  |d ABA001  |d BOA001  |e rda 
080 9 |a 635.9 
100 1 |a Novotná, Eva  |7 jx20041208048  |4 aut  |4 ill 
245 1 0 |a Květiny ze semínek /  |c [text a] perokresby Eva Novotná 
250 |a 1. vydání 
264 1 |a Praha :  |b Granit,  |c 1992 
300 |a 16 stran :  |b ilustrace ;  |c 19 cm 
336 |a text  |b txt  |2 rdacontent 
337 |a bez média  |b n  |2 rdamedia 
338 |a svazek  |b nc  |2 rdacarrier 
490 1 |a Máte také zahrádku? 
500 |a Dostupné též v digitální podobě v aplikaci Kramerius 
655 7 |a příručky  |7 fd133209  |2 czenas 
830 0 |a Máte také zahrádku? 
856 4 1 |u http://www.digitalniknihovna.cz/mzk/uuid/uuid:6bcb83d0-49c9-11e2-a9ad-005056827e51  |y Digitalizovaný dokument  |x NDK 
910 |a BOA001  |b X-0976.832 
990 |a BK 
991 |b 201605 
996 6 |b 2619155316  |c X-0976.832  |l MZK  |r Sklad / do 24 hodin  |n 0  |w 001563760  |u 000010  |a 1  |e BOA001  |j MZK50  |s P